Carregant...

Discourse in psychoanalysis and literature /

Dades bibliogràfiques
Altres autors: Rimmon-Kenan, Shlomith
Format: Printed Book
Idioma:English
Publicat: London ; New York : Methuen, 1987.
Matèries:
LEADER 00825pam a2200217 a 4500
008 861229s1987 enk b 001 0 eng
010 |a  86033286  
020 |a 0416004520(pbk.) 
020 |a 0416004628 
082 0 0 |a 801.95 RIM/D  |2 19 
245 0 0 |a Discourse in psychoanalysis and literature /  |c edited by Shlomith Rimmon-Kenan. 
260 |a London ;  |a New York :  |b Methuen,  |c 1987. 
300 |a xvi, 240 p. ;  |c 22 cm. 
504 |a Includes bibliographies and index. 
650 0 |a Discourse analysis. 
650 0 |a Psychoanalysis and literature. 
700 2 |a Rimmon-Kenan, Shlomith. 
906 |a 7  |b cbc  |c orignew  |d 1  |e ocip  |f 19  |g y-gencatlg 
942 |2 ddc  |c BK 
999 |c 192528  |d 192528 
952 |0 0  |1 0  |4 0  |6 801_950000000000000_RIM_D  |7 0  |9 212474  |a ENG  |b ENG  |c ST1  |d 2015-12-30  |i 13700  |l 0  |o 801.95 RIM/D  |p ENG13700  |r 2015-12-30  |w 2015-12-30  |y BK